Kniha v rodine

Bibliographic Details
Main Author: Koníčková, Jaroslava (Author)
Format: Article
Language:Slovak
Subjects:

MARC

LEADER 00000nab a2200000 ar4500
001 vtls010204039
003 SK-MaSNL
005 20260303081728.0
008 110117c2011 xo mr|p||| |000 b|slo
015 |a SNBRB2011/01 
038 |a SPK 
040 |a SPKCL  |b slo  |c AACR2  |e AACR2 
041 0 |a slo 
044 |a xo  |c SK 
072 7 |a 028  |x Čítanie  |2 konspekt 
072 7 |a 37  |x Výchova a vzdelávanie  |2 konspekt 
080 |a 028  |2 2001 
080 |a 37.018.1  |2 2001 
100 1 |a Koníčková, Jaroslava  |4 aut  |9 418794 
245 1 0 |a Kniha v rodine  |c Jaroslava Koníčková 
300 |b Fotogr. 
650 0 7 |a knihy  |2 snkbucl  |9 19731 
650 0 7 |a čítanie  |2 snkbucl  |9 1654 
650 0 7 |a rodinná výchova  |2 snkbucl  |9 66934 
650 0 7 |a hry  |2 snkbucl  |9 1856 
773 0 |t Pán učiteľ  |g Roč. 4, č. 2 (2010), s. 32  |x 1336-7161 
852 |a SPK  |b KIS3GCP 
999 |c 1785721  |d 1787651